Statistics for Top 10 Countries with the Most Exports per Capita

Click here to take the quiz!

General Stats

  • This quiz has been taken 14,140 times
    (6,143 since last reset)
  • The average score is 7 of 10

Answer Stats

USD Country % Correct
70,100Singapore
76%
25,700Luxembourg
74%
24,900Monaco
73%
34,300Netherlands
67%
30,900Qatar
67%
33,200United Arab Emirates
67%
86,000Liechtenstein
66%
40,600Belgium
63%
36,300Switzerland
61%
34,800Ireland
57%

Score Distribution

Percentile by Number Answered

Percent of People with Each Score

Your Score History

You have not taken this quiz since the last reset